<?xml version="1.0" encoding="UTF-8"?>
<record
    xmlns:xsi="http://www.w3.org/2001/XMLSchema-instance"
    xsi:schemaLocation="http://www.loc.gov/MARC21/slim http://www.loc.gov/standards/marcxml/schema/MARC21slim.xsd"
    xmlns="http://www.loc.gov/MARC21/slim">

  <leader>00513nam a22002057a 4500</leader>
  <controlfield tag="003">OSt</controlfield>
  <controlfield tag="005">20260602142953.0</controlfield>
  <controlfield tag="008">260602b        |||||||| |||| 00| 0 eng d</controlfield>
  <datafield tag="020" ind1=" " ind2=" ">
    <subfield code="a">978-93-6523-372-8</subfield>
  </datafield>
  <datafield tag="040" ind1=" " ind2=" ">
    <subfield code="c">SBCL</subfield>
  </datafield>
  <datafield tag="082" ind1=" " ind2=" ">
    <subfield code="a">342.54</subfield>
    <subfield code="b">THA-O</subfield>
  </datafield>
  <datafield tag="100" ind1=" " ind2=" ">
    <subfield code="a">Tharoor,Shashi </subfield>
  </datafield>
  <datafield tag="245" ind1=" " ind2=" ">
    <subfield code="a">Our Living Constitution </subfield>
  </datafield>
  <datafield tag="260" ind1=" " ind2=" ">
    <subfield code="a">New Delhi</subfield>
    <subfield code="b">Aleph Book Company </subfield>
    <subfield code="c">2025</subfield>
  </datafield>
  <datafield tag="300" ind1=" " ind2=" ">
    <subfield code="a">111p.</subfield>
  </datafield>
  <datafield tag="630" ind1=" " ind2=" ">
    <subfield code="x">Social sciences</subfield>
  </datafield>
  <datafield tag="650" ind1=" " ind2=" ">
    <subfield code="a">Law</subfield>
  </datafield>
  <datafield tag="650" ind1=" " ind2=" ">
    <subfield code="a">Constitutional &amp; administrative law</subfield>
  </datafield>
  <datafield tag="942" ind1=" " ind2=" ">
    <subfield code="c">BOOK</subfield>
  </datafield>
  <datafield tag="952" ind1=" " ind2=" ">
    <subfield code="0">0</subfield>
    <subfield code="1">0</subfield>
    <subfield code="2">ddc</subfield>
    <subfield code="4">0</subfield>
    <subfield code="7">0</subfield>
    <subfield code="8">GEN</subfield>
    <subfield code="a">SBCL</subfield>
    <subfield code="b">SBCL</subfield>
    <subfield code="c">2</subfield>
    <subfield code="d">2026-06-02</subfield>
    <subfield code="l">0</subfield>
    <subfield code="o">342.54 THA-O</subfield>
    <subfield code="p">143368</subfield>
    <subfield code="r">2026-06-02 14:30:43</subfield>
    <subfield code="v">499.00</subfield>
    <subfield code="w">2026-06-02</subfield>
    <subfield code="y">BOOK</subfield>
  </datafield>
  <datafield tag="999" ind1=" " ind2=" ">
    <subfield code="c">138341</subfield>
    <subfield code="d">138341</subfield>
  </datafield>
</record>
